=LDR 00000nam 2200000 4500 =001 INLIS000000000058151 =005 20211021110658 =035 ##$$a 0010-0821000076 =007 ta =008 211021###########################0#ind## =020 ##$$a 978-602-7732-42-1 =082 ##$$a 658.15 =084 ##$$a 658.15 Pop m =245 ##$$a Manajemen Keuangan untuk Pemula dan Orang Awan : $b Untuk Pribadi & Usaha Secara Otodidak) /$c Poppy Alexano =250 ##$$a Cet.1 =300 ##$$a 124 halaman ; $c 24 cm =650 #4$$a Keuangan-Manajemn =264 ##$$a jakarta :$b Laskar Aksara,$c 2012 =336 ##$$a teks$2 rdacontent =337 ##$$a lain-lain$2 rdamedia =338 ##$$a lain-lain$2 rdacarrier =990 ##$$a 3202100717